Gemeinde- und Ortsfeuerwehren im Landkreis Osnabrück - Statistiken

Allgemein
  • Dieses Quiz wurde 83 mal gespielt
    60 seit der letzten Aktualisierung
  • Das Durchschnittsergebnis liegt bei 44 aus 90
Antwortstatistiken
Gemeindefeuerwehren Ortsfeuerwehren % Korrekt
Neuenkirchen
100%
Neuenkirchen
100%
Bersenbrück Alfhausen
88%
Ankum
88%
Bad Rothenfelde Bad Rothenfelde
88%
Belm Belm
88%
Fürstenau Berge
88%
Bersenbrück
88%
Bissendorf Bissendorf
88%
Bohmte Bohmte
88%
Fürstenau
88%
Hagen aTW Hagen
88%
Hilter
88%
Schwagstorf
88%
Bad Iburg Bad Iburg
75%
Bad Laer Bad Laer
75%
Bramsche
75%
Dissen aTW Dissen aTW
75%
Glandorf Glandorf
75%
Hasbergen Hasbergen
75%
Hunteburg
75%
Neuenkirchen Merzen
75%
Ostercappeln
75%
Quakenbrück
75%
Rieste
75%
Wallenhorst Rulle
75%
Talge
75%
Wallenhorst
75%
Artland Badbergen
63%
Buer
63%
Kettenkamp
63%
Niedermark
63%
Nortrup
63%
Schwege
63%
Bramsche Achmer
50%
Engter
50%
Gehrde
50%
Glane
50%
Herringhausen
50%
Ostercappeln Hitzhausen
50%
Kloster Oesede
50%
Lintorf
50%
Melle-Mitte
50%
Menslage
50%
Oesede
50%
Oldendorf
50%
Riemsloh
50%
Vechtel
50%
Venne
50%
Voltlage
50%
Wimmer
50%
Georgsmarienhütte Alt-Georgsmarienhütte
38%
Bippen
38%
Hilter aTW Borgloh
38%
Ellerbeck
38%
Gesmold
38%
Groß Aschen
38%
Hesepe
38%
Jeggen
38%
Schledehausen
38%
Schwagstorf-Gemeinde Ostercappeln
38%
Tittingdorf
38%
Wellingholzhausen
38%
Melle Altenmelle
25%
Bakum
25%
Barkhausen
25%
Grafeld
25%
Heithöfen
25%
Linne
25%
Pente
25%
Rabber
25%
Wehrendorf
25%
Bad Essen Bad Essen-Eielstädt-Wittlage
13%
Bottorf-Borg
13%
Brockhausen
13%
Dahlinghausen
13%
Epe-Sögeln
13%
Grönloh
13%
Harpenfeld
13%
Hördinghausen
13%
Hoyel
13%
Hüsede
13%
Lockhausen
13%
Markendorf
13%
Niederholsten
13%
Ohrtermersch
13%
Sankt Annen
13%
Ueffeln-Balkum
13%
Wehdel
13%
Bruchmühlen
0%
Keine übereinstimmenden Quizze gefunden
Verteilung der Resultate
Anzahl Personen mit jedem Resultat
Perzentil nach korrekt beantworteten Fragen
Ihre Resultats-Entwicklung
Sie haben dieses Quiz seit der letzten Aktualisierung nicht gespielt